| 000 | 01109cam a2200169 4500500 | ||
|---|---|---|---|
| 005 | 20260208010818.0 | ||
| 041 | _afre | ||
| 042 | _adc | ||
| 100 | 1 | 0 |
_aLorvellec, Yves _eauthor |
| 245 | 0 | 0 | _aJean-François Mattéi, Le Procès de l’Europe, Paris, Presses universitaires de France, 2010, 250 p., 22,50 € |
| 260 | _c2013. | ||
| 500 | _a91 | ||
| 520 | _aRevue critique portant sur deux ouvrages de Marcel Hénaff sur le don : Le Prix de la vérité. Le don, l’argent, la philosophie, 2002 et Le Don des philosophes. Penser la réciprocité, 2012. | ||
| 520 | _aThe Philosophy of Gift. Reciprocity in AnthropologyCritical review of two books on gift by Marcel Hénaff : Le Prix de la vérité. Le don, l’argent, la philosophie, 2002 (English translation : The Price of Truth. Gift, Money and Philosophy, 2010) ; Le Don des philosophes. Penser la réciprocité, 2012. | ||
| 786 | 0 | _nRevue philosophique de la France et de l'étranger | 138 | 3 | 2013-08-29 | p. 401s-428s | 0035-3833 | |
| 856 | 4 | 1 | _uhttps://shs.cairn.info/revue-philosophique-2013-3-page-401s?lang=fr&redirect-ssocas=7080 |
| 999 |
_c1658341 _d1658341 |
||